000 00255nam a2200097Ia 4500
001 650108
005 20250826154353.0
008 250824s9999 xx 000 0 und d
245 0 _aEce Yüce/Ay Dede Kime Gülümsüyordu
_cGülten Dayıoğlu
260 _bALTIN
999 _c650108
_d650108